| Tag |
First Indicator |
Second Indicator |
Subfields |
| LEADER |
00000cam a2200000 4500 |
| 001 |
in00000062909 |
| 005 |
20151008051120.0 |
| 008 |
720308s1964 nyu b 00000 eng u |
| 010 |
|
|
|a 64024068
|
| 035 |
|
|
|a (OCoLC)00259145
|
| 035 |
|
|
|9 AAG5847AM
|
| 040 |
|
|
|c WSU
|d TXA
|d UtOrBLW
|
| 049 |
|
|
|a TXAM
|c [477237]
|
| 050 |
|
0 |
|a HN523.5
|b .A68
|
| 092 |
|
|
|a 309.147
|b A465n
|
| 100 |
1 |
|
|a Alt, Herschel.
|
| 245 |
1 |
4 |
|a The new Soviet man ;
|b his upbringing and character development /
|c by Herschel and Edith Alt.
|
| 264 |
|
1 |
|a [New York] :
|b Bookman Associates,
|c [1964]
|
| 300 |
|
|
|a 304 pages
|
| 336 |
|
|
|a text
|b txt
|2 rdacontent
|
| 337 |
|
|
|a unmediated
|b n
|2 rdamedia
|
| 338 |
|
|
|a volume
|b nc
|2 rdacarrier
|
| 504 |
|
|
|a Bibliographical footnotes.
|
| 651 |
|
0 |
|a Soviet Union
|x Social conditions
|y 1945-1991.
|
| 700 |
1 |
|
|a Alt, Edith.
|
| 999 |
|
|
|a MARS
|
| 999 |
f |
f |
|s 79241bbd-0e21-3344-a498-7ab6ce2af6e3
|i a884d448-5d29-3a75-8858-7ab51985a005
|t 0
|
| 952 |
f |
f |
|p ric
|a Texas A&M University
|b Rellis Campus
|c Joint Library Facility
|d Remote Storage
|t 0
|e HN523.5 .A68
|h Library of Congress classification
|i unmediated -- volume
|m A14800648897
|
| 998 |
f |
f |
|a HN523.5 .A68
|t 0
|l Remote Storage
|